| 000 | 01125nam a2200313 a 4500 | ||
|---|---|---|---|
| 001 | 000116109 | ||
| 003 | CHAP | ||
| 005 | 20220329144601.0 | ||
| 008 | 190911s2018 mx |r| ||||||spa d | ||
| 010 | _a112570 | ||
| 011 | _a113542 | ||
| 020 | _a9786078501915 | ||
| 040 | _cCHAP | ||
| 082 | 0 | 4 |
_a333.7932150972 _bG16 |
| 100 | 1 |
_aGallardo Zuñiga, Rubén. _9136841 |
|
| 245 | 1 | 3 |
_aEl nuevo modelo energético y el desarrollo rural : _belementos de política transversal / _cpor Rubén Gallardo Zuñiga y Emiliano Torres Bueno. |
| 260 |
_aMéxico, D.F. : _bCámara de Diputados LXIII Legislatura. Centro de Estudios para el Desarrollo Rural Sustentable y la Soberanía Alimentaria, _c2018. |
||
| 300 | _a227 p. | ||
| 490 | _aEstudios e investigación | ||
| 590 |
_aBATCH-UPD _b05 _c20190911 _lUCH01 _h1155 |
||
| 590 |
_aE5765TAJ _b05 _c20190911 _lUCH01 _h1155 |
||
| 650 | 1 | 4 |
_aPolítica energética _zMéxico. _9134117 |
| 650 | 1 | 4 |
_aRecursos energéticos _zMéxico. _9136843 |
| 700 | 1 |
_aTorres Bueno, Emiliano. _9136842 |
|
| 830 | 0 |
_aEstudios e investigación _9127854 |
|
| 901 | _aBK | ||
| 942 | _cLIBRO | ||
| 942 | _n0 | ||
| 999 |
_c112570 _d112570 |
||